Fundamentals of statistics / (Record no. 152)
[ view plain ]
| 000 -LEADER | |
|---|---|
| fixed length control field | 00490nam a2200169 4500 |
| 001 - CONTROL NUMBER | |
| control field | 170 |
| 005 - DATE AND TIME OF LATEST TRANSACTION | |
| control field | 20181127160703.0 |
| 020 00 - INTERNATIONAL STANDARD BOOK NUMBER | |
| International Standard Book Number | 8187567805 |
| 090 00 - LOCALLY ASSIGNED LC-TYPE CALL NUMBER (OCLC); LOCAL CALL NUMBER (RLIN) | |
| Classification number (OCLC) (R) ; Classification number, CALL (RLIN) (NR) | 519.5 G9751f 2008 |
| 100 00 - MAIN ENTRY--PERSONAL NAME | |
| Personal name | Gun, A. M. |
| 245 00 - TITLE STATEMENT | |
| Title | Fundamentals of statistics / |
| Remainder of title | |
| Statement of responsibility, etc. | A.M Gun, M.K. Gupta, B. Dasgupta |
| Medium | |
| 260 00 - PUBLICATION, DISTRIBUTION, ETC. | |
| Place of publication, distribution, etc. | Kolkata : |
| Name of publisher, distributor, etc. | The World Press, |
| Date of publication, distribution, etc. | 2008 |
| 300 00 - PHYSICAL DESCRIPTION | |
| Extent | xv, 619 p. |
| 650 00 - SUBJECT ADDED ENTRY--TOPICAL TERM | |
| Topical term or geographic name entry element | Statistics. |
| General subdivision | |
| 700 ## - ADDED ENTRY--PERSONAL NAME | |
| Personal name | Dasgupta, B. |
| Numeration | |
| Titles and other words associated with a name | |
| Dates associated with a name | |
| Relator term | |
| Form subheading | |
| Language of a work | |
| Medium of performance for music | |
| Number of part/section of a work | |
| Arranged statement for music | |
| Name of part/section of a work | |
| Fuller form of name | |
| Key for music | |
| Version | |
| Title of a work | |
| Personal name | Gupta, M. K. |
| Numeration | |
| Titles and other words associated with a name | |
| Dates associated with a name | |
| Relator term | |
| Form subheading | |
| Language of a work | |
| Medium of performance for music | |
| Number of part/section of a work | |
| Arranged statement for music | |
| Name of part/section of a work | |
| Fuller form of name | |
| Key for music | |
| Version | |
| Title of a work | |
| Withdrawn status | Lost status | Source of classification or shelving scheme | Damaged status | Not for loan | Collection code | Home library | Current library | Shelving location | Date acquired | Cost, normal purchase price | Serial Enumeration / chronology | Inventory number | Total Checkouts | Total Renewals | Full call number | Barcode | Date last seen | Date last checked out | Price effective from | Koha item type |
|---|---|---|---|---|---|---|---|---|---|---|---|---|---|---|---|---|---|---|---|---|
| Dewey Decimal Classification | Main TEST | RTC Library | RTC Library | Main opac | 07/08/2021 | 225.00 | 3418 | 6 | 9 | 519.5 GUN | 30001886 | 23/03/2022 | 19/03/2022 | 27/11/2018 | Main |